000 00277pam a2200121 a 4500
020 _c
041 _aeng
100 _aSaxena Ved .
245 _aMedical collage Entrance Exam
_hTextual Documents
250 _a1996.
260 _aDelhji :
_bYoung Man 888 NAT .
930 _a16765
999 _c93665
_d93665